00377pab a2200133 454500008004000000100001900040245007700059260000900136300001600145362001100161650002000172700001700192773003400209180718b2003 xxu||||| |||| 00| 0 eng d aNandraj, Sunil aAccreditation system for health facilities: challenges and opportunities c2003 ap.5251-255. a13 Dec aHealth services aKhot, Anagha aEconomic and Political Weekly